Eastern Utah Libraries Catalog: Duchesne, Heber, Roosevelt, & Vernal

Fiddler on the roof (Record no. 46304)

MARC details
000 -LEADER
fixed length control field 05476cgm a2200925Ka 4500
003 - CONTROL NUMBER IDENTIFIER
control field OCoLC
005 - DATE AND TIME OF LATEST TRANSACTION
control field 20241220120509.0
007 - PHYSICAL DESCRIPTION FIXED FIELD--GENERAL INFORMATION
fixed length control field vd cvaizk
008 - FIXED-LENGTH DATA ELEMENTS--GENERAL INFORMATION
fixed length control field 070208s2007 cau181 g vleng d
001 - CONTROL NUMBER
control field ocm82372302
024 1# - OTHER STANDARD IDENTIFIER
Standard number or code 027616063281
028 42 - PUBLISHER NUMBER
Publisher number 106328
Source MGM Home Entertainment
035 ## - SYSTEM CONTROL NUMBER
System control number (Sirsi) o82372302
035 ## - SYSTEM CONTROL NUMBER
System control number (OCoLC)82372302
037 ## - SOURCE OF ACQUISITION
Source of stock number/acquisition Midwest Tape
Note http://www.midwesttapes.com
040 ## - CATALOGING SOURCE
Original cataloging agency TEFMT
Transcribing agency TEFMT
Modifying agency TEF
-- UINTA
041 1# - LANGUAGE CODE
Language code of text/sound track or separate title eng
-- fre
-- spa
Language code of summary or abstract/overprinted title or subtitle eng
-- spa
Language code of original and/or intermediate translations of text eng
043 ## - GEOGRAPHIC AREA CODE
Geographic area code e-ru---
049 ## - LOCAL HOLDINGS (OCLC)
Holding library UCLB
050 14 - LIBRARY OF CONGRESS CALL NUMBER
Classification number PN1995.9.M86
Item number F533547 2007
082 04 - DEWEY DECIMAL CLASSIFICATION NUMBER
Classification number 791.43/72
Edition number 22
092 ## - LOCALLY ASSIGNED DEWEY CALL NUMBER (OCLC)
Classification number 791.437
245 00 - TITLE STATEMENT
Title Fiddler on the roof
Medium [videorecording] /
Statement of responsibility, etc The Mirisch Production Company presents a Norman Jewison film ; screenplay by Joseph Stein ; produced and directed by Norman Jewison.
250 ## - EDITION STATEMENT
Edition statement 1-disc collector's ed.
260 ## - PUBLICATION, DISTRIBUTION, ETC. (IMPRINT)
Place of publication, distribution, etc Beverly Hills, Calif. :
Name of publisher, distributor, etc MGM Home Entertainment :
-- Distributed by 20th Century Fox Home Entertainment,
Date of publication, distribution, etc [2007]
300 ## - PHYSICAL DESCRIPTION
Extent 1 videodisc (181 min.) :
Other physical details sd., col. ;
Dimensions 4 3/4 in.
538 ## - SYSTEM DETAILS NOTE
System details note DVD, region 1, widescreen (2.35:1) presentation; Dolby Digital 5.1 surround, Dolby Digital mono., dual-layer, NTSC.
546 ## - LANGUAGE NOTE
Language note English (Dolby 5.1), French (Dolby mono.) or Spanish (Dolby mono.) dialogue, English or Spanish subtitles; closed-captioned.
500 ## - GENERAL NOTE
General note Title from container.
511 1# - PARTICIPANT OR PERFORMER NOTE
Participant or performer note Topol, Norma Crane, Leonard Frey, Molly Picon, Paul Mann.
508 ## - CREATION/PRODUCTION CREDITS NOTE
Creation/production credits note Cinematography, Oswald Morris ; music for stage play and film, Jerry Bock ; lyrics for stage play and film, Sheldon Harnick ; music adapted and conducted by John Williams ; original choreography, Jerome Robbins ; adapted for the screen, Tom Abbott.
500 ## - GENERAL NOTE
General note Originally produced for the New York stage by Harold Prince ; entire stage production directed and choreographed by Jerome Robbins ; based on the stage play "Fiddler on the roof" ; adapted from Sholom Aleichem ; stories by special arrangement with Arnold Perl.
500 ## - GENERAL NOTE
General note Originally released as a motion picture in 1971.
521 8# - TARGET AUDIENCE NOTE
Target audience note MPAA rating: G.
520 ## - SUMMARY, ETC.
Summary, etc Tevye is a poor milkman in czarist Russia, where he provides for five unmarried daughters and a sharp-tongued wife. Faced with mounting financial strain and growing anti-Semitism, Tevye strives to maintain balance despite the precarious nature of his situation.
500 ## - GENERAL NOTE
General note Special features: Disc one: Audio commentary by director/producer Norman Jewison and actor Topol ; Disc two: "John Williams: creating a musical tradition" featurette; "Tevye's daughters" featurette; "Set in reality: production design" featurette; "Songs of 'Fiddler on the roof': featurette; "Norman Jewison looks back" featurette; "Tevye's dream sequence": original print and full color side-by-side comparison and an introduction by Norman Jewison; "Norman Jewison, filmmaker" documentary; historical background: read by Norman Jewison with photographs by Ann Weiss; "The stories of Sholom Aleichem" read by Norman Jewison; deleted song "Any day now"; production design and storyboards; photographic production diary.
586 8# - AWARDS NOTE
Awards note Academy Awards (USA), 1972: Best Cinematography (Oswald Morris) ; Best Music, Scoring Adaptation and Original Song Score (John Williams) ; Best Sound (Gordon K. McCallum, David Hildyard).
586 8# - AWARDS NOTE
Awards note Golden Globes (USA), 1972: Best Motion Picture - Musical/Comedy ; Best Motion Picture Actor - Musical/Comedy (Topol).
650 #0 - SUBJECT ADDED ENTRY--TOPICAL TERM
Topical term or geographic name as entry element Milk trade
Geographic subdivision Russia (Federation)
Form subdivision Drama.
9 (RLIN) 6507211
650 #0 - SUBJECT ADDED ENTRY--TOPICAL TERM
Topical term or geographic name as entry element Jewish families
Geographic subdivision Russia (Federation)
Form subdivision Drama.
9 (RLIN) 6507212
650 #0 - SUBJECT ADDED ENTRY--TOPICAL TERM
Topical term or geographic name as entry element Fathers and daughters
Geographic subdivision Russia (Federation)
Form subdivision Drama.
9 (RLIN) 6507213
650 #0 - SUBJECT ADDED ENTRY--TOPICAL TERM
Topical term or geographic name as entry element Sisters
Geographic subdivision Russia (Federation)
Form subdivision Drama.
9 (RLIN) 6507214
650 #0 - SUBJECT ADDED ENTRY--TOPICAL TERM
Topical term or geographic name as entry element Tradition (Judaism)
Form subdivision Drama.
9 (RLIN) 6507215
650 #0 - SUBJECT ADDED ENTRY--TOPICAL TERM
Topical term or geographic name as entry element Dating services
Geographic subdivision Russia (Federation)
Form subdivision Drama.
9 (RLIN) 6507216
651 #0 - SUBJECT ADDED ENTRY--GEOGRAPHIC NAME
Geographic name Russia
Form subdivision Drama.
9 (RLIN) 6507217
650 #7 - SUBJECT ADDED ENTRY--TOPICAL TERM
Topical term or geographic name as entry element Abastecimiento de leche
Geographic subdivision Rusia
Form subdivision Teatro.
Source of heading or term bidex
9 (RLIN) 6507218
650 #7 - SUBJECT ADDED ENTRY--TOPICAL TERM
Topical term or geographic name as entry element Familia
Geographic subdivision Rusia
Form subdivision Teatro.
Source of heading or term bidex
9 (RLIN) 6507219
650 #4 - SUBJECT ADDED ENTRY--TOPICAL TERM
Topical term or geographic name as entry element Milk trade
Geographic subdivision Russia
Form subdivision Drama.
9 (RLIN) 6507220
650 #4 - SUBJECT ADDED ENTRY--TOPICAL TERM
Topical term or geographic name as entry element Jewish families
Geographic subdivision Russia
Form subdivision Drama.
9 (RLIN) 6507221
650 #4 - SUBJECT ADDED ENTRY--TOPICAL TERM
Topical term or geographic name as entry element Father-daughter relationship
Geographic subdivision Russia
Form subdivision Drama.
9 (RLIN) 6507222
650 #4 - SUBJECT ADDED ENTRY--TOPICAL TERM
Topical term or geographic name as entry element Sisters
Geographic subdivision Russia
Form subdivision Drama.
9 (RLIN) 6507223
650 #4 - SUBJECT ADDED ENTRY--TOPICAL TERM
Topical term or geographic name as entry element Tradition (Judaism)
Form subdivision Drama.
9 (RLIN) 6507215
650 #4 - SUBJECT ADDED ENTRY--TOPICAL TERM
Topical term or geographic name as entry element Dating services
Geographic subdivision Russia
Form subdivision Drama.
9 (RLIN) 6507224
651 #4 - SUBJECT ADDED ENTRY--GEOGRAPHIC NAME
Geographic name Russia
Form subdivision Drama.
9 (RLIN) 6507217
655 #0 - INDEX TERM--GENRE/FORM
Genre/form data or focus term Feature films.
9 (RLIN) 6172252
655 #0 - INDEX TERM--GENRE/FORM
Genre/form data or focus term Musical films.
9 (RLIN) 6172253
655 #0 - INDEX TERM--GENRE/FORM
Genre/form data or focus term Film adaptations.
9 (RLIN) 6172254
655 #0 - INDEX TERM--GENRE/FORM
Genre/form data or focus term Video recordings for the hearing impaired.
9 (RLIN) 6172255
655 #7 - INDEX TERM--GENRE/FORM
Genre/form data or focus term Musical
Form subdivision Feature.
Source of term local
9 (RLIN) 5765156
655 #7 - INDEX TERM--GENRE/FORM
Genre/form data or focus term Adaptation
Form subdivision Feature.
Source of term local
9 (RLIN) 6358759
700 1# - ADDED ENTRY--PERSONAL NAME
Personal name Stein, Joseph.
9 (RLIN) 6172257
700 1# - ADDED ENTRY--PERSONAL NAME
Personal name Jewison, Norman,
Dates associated with a name 1926-
9 (RLIN) 25930
700 1# - ADDED ENTRY--PERSONAL NAME
Personal name Topol,
Dates associated with a name 1935-
9 (RLIN) 16975
700 1# - ADDED ENTRY--PERSONAL NAME
Personal name Crane, Norma,
Dates associated with a name 1931-1973.
9 (RLIN) 59498
700 1# - ADDED ENTRY--PERSONAL NAME
Personal name Frey, Leonard,
Dates associated with a name 1938-1988.
9 (RLIN) 27635
700 1# - ADDED ENTRY--PERSONAL NAME
Personal name Picon, Molly.
9 (RLIN) 9457
700 1# - ADDED ENTRY--PERSONAL NAME
Personal name Mann, Paul,
Dates associated with a name 1915-1985.
9 (RLIN) 62029
700 1# - ADDED ENTRY--PERSONAL NAME
Personal name Morris, Oswald,
Dates associated with a name 1915-
9 (RLIN) 63664
700 1# - ADDED ENTRY--PERSONAL NAME
Personal name Bock, Jerry.
9 (RLIN) 19024
700 1# - ADDED ENTRY--PERSONAL NAME
Personal name Harnick, Sheldon.
9 (RLIN) 15297
700 1# - ADDED ENTRY--PERSONAL NAME
Personal name Williams, John,
Dates associated with a name 1932-
9 (RLIN) 13533
700 0# - ADDED ENTRY--PERSONAL NAME
Personal name Sholem Aleichem,
Dates associated with a name 1859-1916.
9 (RLIN) 6172258
700 1# - ADDED ENTRY--PERSONAL NAME
Personal name Perl, Arnold.
9 (RLIN) 61609
710 2# - ADDED ENTRY--CORPORATE NAME
Corporate name or jurisdiction name as entry element Mirisch Production Company.
9 (RLIN) 76697
710 2# - ADDED ENTRY--CORPORATE NAME
Corporate name or jurisdiction name as entry element MGM Home Entertainment Inc.
9 (RLIN) 64163
710 2# - ADDED ENTRY--CORPORATE NAME
Corporate name or jurisdiction name as entry element Twentieth Century Fox Home Entertainment, Inc.
9 (RLIN) 61951
942 ## - ADDED ENTRY ELEMENTS (KOHA)
Koha item type DVD
994 ## -
-- C0
-- UINTA
998 ## - LOCAL CONTROL INFORMATION (RLIN)
-- a101395
Holdings
Withdrawn status Lost status Source of classification or shelving scheme Materials specified (bound volume or other part) Damaged status Not for loan Collection code Home library Current library Shelving location Date acquired Source of acquisition Cost, normal purchase price Total Checkouts Total Renewals Full call number Barcode Date last seen Date checked out Cost, replacement price Price effective from Koha item type Public note
    Dewey Decimal Classification .CIRCNOTE. 2 discs     Movies Wasatch County Library Wasatch County Library Audio Visual Area 11/26/2008 Amazon 24.99 110 18 DVD Fid 34301000787715 02/12/2026 01/31/2026 24.99 03/20/2020 DVD .PUBLIC. 2 discs
This project was made possible through a grant from the Institute of Museum and Library Service administered by the Utah State Library Division.

Wasatch County Library

  • 465 East 1200 South, Heber City, Utah 84032
  • Phone 435-654-1511 | Fax 435-654-6456

Hours

  • Monday - Friday 9:30 AM - 8:00 PM
  • Saturday 9:30 AM - 1:30 PM
  • Closed Sundays and Holidays